01194 a2200241 4500003000500000005001700005010001600022020001500038040000900053082001600062100002400078245004500102260005100147300004300198505031700241650002700558650003100585650004200616942002500658999001900683952012500702952012500827NUST20230126131148.0 a 79458275 a0582313945 cNust00a909.009,GAL1 aGalbraith V.H9664014aThe study of history /c V.H.Galbraith . a Islamabad,bNational book Foundation ,c1969. aviii, 143 p.;bplate, 1 illus.c22 cm. aForeword: to the Reader (Page-v) PART-1: The historian at Work (Page-1), PART-2: Historical Research and the Preservation of the Past (Page-57), PART-3: Research in Action Who wrote Asser’s Life of Alfred (Page-88), Glossary (Page-129), Notes on the Text (Page-134), Some Books for Further Reading (Page-135).  0aHistoriography.946081 0aHistoryxPhilosophy.96591 0aPolitical sciencexMethodology.92195 2ddccBKk909.009,GAL c178815d178815 00102ddc4070aMCSbMCScGENd2016-12-12o909.009,GALpMCS34397r2016-12-08w2016-12-12yBKzAlmirah No.58, Shelf No.4 00102ddc4070aMCSbMCScGENd2016-12-12o909.009,GALpMCS34398r2016-12-08w2016-12-12yBKzAlmirah No.58, Shelf No.4